Monkey Business /

שמור ב:
מידע ביבליוגרפי
מחבר ראשי: Johnson, Gary
פורמט: Sách giấy
שפה:English
יצא לאור: Hampshire : Gower, 1995
תגים: הוספת תג
אין תגיות, היה/י הראשונ/ה לתייג את הרשומה!
Thư viện lưu trữ: Thư viện Trường Đại học Đà Lạt
LEADER 00505nam a2200229 4500
001 DLU020000521
005 ##12/22/1998
041 # # |a eng 
082 # # |a 658  |b JO-G 
100 # # |a Johnson, Gary 
245 # # |a Monkey Business /  |c Gary Johnson  
260 # # |a Hampshire :  |b Gower,  |c 1995 
300 # # |a X, 188 tr.;  |c 24 cm. 
992 # # |a 22000 
994 # # |a DLU 
900 # # |a False 
911 # # |a Administrator 
925 # # |a G 
926 # # |a A 
927 # # |a SH 
980 # # |a Thư viện Trường Đại học Đà Lạt